| 000 | 01313nam a22003257a 4500 | ||
|---|---|---|---|
| 005 | 20230705221727.0 | ||
| 007 | ta | ||
| 008 | 201112s2019 ck o|||er|||| 00| 0dspa d | ||
| 020 | _a9789586113793 | ||
| 040 |
_aCO-BoRNBP _bspa _erda _cCO-BoRNBP |
||
| 041 | 0 | _aspa | |
| 082 | 0 | 4 |
_a928.998 _bM85p _222 |
| 100 | 1 |
_aPalacio Hernández, Ricardo _eautor _9159902 |
|
| 245 | 1 | 3 |
_aEl hombre sin miedo _bla historia de Sixto Muñoz, el último tinigua _cRicardo Palacio Hernández y Katherine Bolaños |
| 264 | 1 |
_aBogotá _bInstituto Caro y Cuervo _c2019 |
|
| 300 |
_a189 páginas _bfotografías _c22 cm |
||
| 336 |
_2rdacontent _atexto _btxt |
||
| 337 |
_2rdamedia _asin mediación _bn |
||
| 338 |
_2rdacarrier _avolumen _bnc |
||
| 490 | 0 | _aMontes | |
| 504 | _aIncluye referencias bibliográficas a final del texto | ||
| 521 | _aRecomendado para público adulto | ||
| 545 | _aIncluye datos biográficos de los autores en la solapa | ||
| 600 | 1 | 4 |
_aMuñoz, Sixto _vHomenajes póstumos _9156667 |
| 600 | 1 | 4 |
_aMuñoz, Sixto _xBiografías _9159903 |
| 650 | 1 | 7 |
_2LEMB _aTinigua (Lengua indígena) _xGramática _xHistoria _vRelatos personales _9159904 |
| 650 | 1 | 7 |
_2LEMB _aTiniguas (Indígenas colombianos) _xVida social y costumbres _9159905 |
| 700 | 1 |
_aBolaños Quiñones, Katherine Elizabeth _eautora _9159906 |
|
| 942 |
_2ddc _cBK |
||
| 999 |
_c3808 _d3808 |
||